|
|
|
|
| LEADER |
00000cam a2200000 7i4500 |
| 001 |
0000166327 |
| 005 |
20141222.0 |
| 090 |
0 |
0 |
|a F
|b MET
|
| 100 |
1 |
|
|a Ziller, Paul
|
| 245 |
1 |
0 |
|a Metal shifters [
|h digital video disc]
|c Paul Ziller
|
| 260 |
|
|
|a s.l. :
|b Cinetel Films ,
|c 20-
|
| 300 |
|
|
|a 1 digital video disc (87 minutes) :
|b col
|
| 500 |
|
|
|a Library has 4 copies
|
| 521 |
0 |
|
|a General viewing for all ages (U)
|
| 650 |
0 |
0 |
|a Movies, English
|
| 999 |
|
|
|a AV 30480
|b DIGITAL VIDEO DISC
|c PINJAMAN
|e PERPUSTAKAAN KOMUNITI PETALING JAYA
|
| 999 |
|
|
|a AV 30481
|b DIGITAL VIDEO DISC
|c PINJAMAN
|e PERPUSTAKAAN KOMUNITI PETALING JAYA
|
| 999 |
|
|
|a AV 35099
|b DIGITAL VIDEO DISC
|c PINJAMAN
|e PERPUSTAKAAN KOMUNITI PETALING JAYA
|
| 999 |
|
|
|a AV 35100
|b DIGITAL VIDEO DISC
|c PINJAMAN
|e PERPUSTAKAAN KOMUNITI PETALING JAYA
|